00983nam a2200253Ia 4500003000400000005001700004008004100021020001800062040001800080041000800098082002200106245008700128250001200215260005000227300002800277650004600305650003600351650005100387700003300438700002900471942003100500999001900531952017900550OSt20241211100439.0210716s2006 xx 000 0 und d a9788173197765 cAIMIT LIBRARY aeng a001.07221b IGNS aBiodiversity and insect pest management /cEdited by S Ignacimuthu and S Jayaraj. a1st ed. aNew Delhi :bNarosa Publishing House ,c2006. axi,399p. ;bHBc25.6 cm aBiodiversity in wetland ecosystem9189904 aBiodiversity of insects9189905 aHost plant resistance and biodiversity9189906 aIgnacimuthu, S., ed.9189907 aJayaraj, S., ed.9189908 2ddccBKe1stk001.072 IGNS c192229d192229 00102ddc40708MCAaAIMITbAIMITeNarosa Book Distributorsg675.00iBill no:61993; Bill dt:2012-02-1l0o001.072 IGNSpMCA11737r2025-07-21 00:00:00v506.25w2021-07-16yBK